Statistics for Arctic Monkeys Lyrics - Still Take You Home

Click here to take the quiz!

General Stats

  • This quiz has been taken 24 times
    (17 since last reset)
  • The average score is 248 of 285

Answer Stats

Lyrics% Correct
home
100%
I
100%
Oh,
100%
Oh-woah,
100%
Oh-woah
100%
still
100%
take
100%
you
100%
a
90%
along
90%
alright
90%
And
90%
and
90%
But
90%
but
90%
do
90%
don't
90%
fancy
90%
for
90%
hands
90%
havin'
90%
here
90%
I'm
90%
in
90%
it
90%
know
90%
know?
90%
look
90%
my
90%
no
90%
nothin',
90%
nothin'
90%
on
90%
on,
90%
passion
90%
same
90%
see
90%
seein'
90%
so
90%
So
90%
talk
90%
the
90%
to
90%
too
90%
tryin'
90%
what
90%
with
90%
Yeah,
90%
yeah,
90%
your
90%
You're
90%
you're
90%
all
80%
beautiful
80%
can't
80%
cool
80%
da-da
80%
da-da,
80%
Da-da,
80%
da-da-da
80%
da-da-da,
80%
eatin'
80%
ever
80%
everybody's
80%
eyes,
80%
fake
80%
fashion
80%
forgotten
80%
go
80%
have
80%
haven't
80%
I'd
80%
I'll
80%
includin'
80%
it's
80%
just
80%
knew
80%
lights
80%
mine
80%
name
80%
of
80%
one
80%
out
80%
princess,
80%
probably
80%
put
80%
rockstar
80%
seen
80%
side
80%
special,
80%
strugglin'
80%
tan
80%
That
80%
these
80%
think
80%
through
80%
under
80%
Well,
80%
fact
70%
funny
70%
job
70%
last
70%
looking
70%
me
70%
said,
70%
Said,
70%
since
70%
surprisingly
70%
tarted
70%
tell
70%
Topshop
70%
up
70%
wrong
70%
year
70%
'cause
60%
'Cause
60%
everyone's
60%
fad
60%
control
50%
fibbing,
50%
got
50%
say
50%
woah
50%
woah,
50%
You've
50%

Score Distribution

Percentile by Number Answered

Percent of People with Each Score

Your Score History

You have not taken this quiz since the last reset